Qui a dit ...? - Statistiques

Statistiques générales
  • Ce quiz a été pris 186 fois
  • Le résultat moyen est 11 sur 30
Statistiques - réponses
Hint Réponse % Correct
Je vous ai compris ! Charles de Gaulle
82%
Emmenez-moi au bout de la Terre, emmenez-moi au pays des merveilles. Charles Aznavour
75%
Je pense donc je suis. René Descartes
69%
Vous chantiez ? J'en suis fort aise. Hé bien, dansez maintenant ! Jean de la Fontaine
66%
Demain, dès l'aube, à l'heure où blanchit la campagne, je partirai. Victor Hugo
65%
Aujourd'hui, Maman est morte. Ou peut-être hier, je ne sais pas. Albert Camus
56%
Il naviguait en père-peinard sur la grand-mare des canards et s'appelait les copains d'abord. George Brassens
55%
Ils n'ont pas de pain ? Qu'ils mangent de la brioche ! Marie-Antoinette
52%
J'aime les pommes, je suis un mangeur de pommes et j'ai trouvé ça joli... J'aime bien le cidre aussi. Jacques Chirac
48%
C'est trop calme, j'aime pas trop beaucoup ça. J'préfère quand c'est un peu trop plus moins calme. Jamel Debbouze
47%
Elle met du vieux pain sur son balcon pour attirer les moineaux, les pigeons. Jean-Jacques Goldman
45%
M. Pignon, votre prénom à vous, c'est François, c'est juste ? Thierry Lhermitte
45%
L'existentialisme est un humanisme. Jean-Paul Sartre
42%
Et puis y a Frida, qu'est belle comme un Soleil et qui m'aime pareil que moi j'aime Frida ! Jacques Brel
40%
Mais tu voudrais qu'elle soit ta reine ce soir, toi les rois tu t'en fous, c'est pas ce qui te plait. Angèle
39%
Une dictature c'est quand les gens sont communistes, déjà. Qu'ils ont froid, avec des chapeaux gris et des chaussures à fermeture éclair. Jean Dujardin
25%
Longtemps, je me suis levé de bonne heure. Marcel Proust
24%
Un jour ou l'autre, il faudra qu'il y ait la guerre, on le sait bien. Nino Ferrer
24%
Le premier qui, ayant enclos un terrain, s'avisa de dire : Ceci est à moi, et trouva des gens assez simples pour le croire, fut le vrai fondateur de la société civile. Jean-Jacques Rousseau
21%
L’univers m’embarrasse et je ne puis songer que cette horloge existe et n’ait pas d’horloger. Voltaire
20%
Si l'on peut trouver moins que rien, c'est bien que rien vaut déjà quelque chose. Raymond Devos
17%
Il dit qu'il a plus de genoux.... Il dit qu'il voit pas le rapport. Alain Chabat
16%
Le moi est détestable. Blaise Pascal
16%
Quoi que puisse dire Aristote et toute la philosophie, il n'est rien d'égal au tabac : c'est la passion des honnêtes gens, et qui vit sans tabac n'est pas digne de vivre. Molière
16%
Vous ne me faites pas peur. J'ai survécu à pire que vous. Simone Veil
16%
L'élégance est quand l'intérieur est aussi beau que l'extérieur. Coco Channel
11%
Je sais pas comment sauver le monde, mais si j'savais je suis pas sûr que je le ferais. Orelsan
9%
Fais de ta vie un rêve, et de tes rêves, une réalité. Antoine de Saint-Exupéry
8%
Est-il possible que l'amour m'ait si absolument ôté la raison et la hardiesse, et qu'il m'ait rendu si différent de ce que j'ai été dans les autres passions de ma vie ? Madame de Lafayette
3%
La déréalisation du langage grandissait, comme un signe de distinction intellectuelle. Annie Ernaux
1%
Aucun quiz correspondant
Distribution des résultats
% des personnes avec chaque résultat
Percentile par nombre de réponses
Votre historique - résultats
Vous n’avez pas pris ce quiz